Eurico, o presbítero (Registo nº 29897)

Detalhes MARC
000 -Etiqueta do registo
campo de controlo de comprimento fixo 006640000a22002050004500
001 - Identificador do registo
Campo de controlo 29897
010 ## - ISBN
Número (ISBN) 978-989-554-412-7
100 ## - Dados Gerais de Proc.
Dados gerais de processamento 20091215d2008 m y0pory5003 ba
101 0# - Língua da publicação
Língua do texto, banda sonora, etc. Português
102 ## - País de Publicação
País de publicação Portugal
200 1# - Título
Título próprio Eurico, o presbítero
Primeira menção de responsabilidade Alexandre Herculano
210 ## - Publicação, Distribuição
Lugar da edição, distribuição, etc. Lisboa
Nome do editor, distribuidor, etc. Quidnovi
Data da publicação, distribuição, etc. 2008
215 ## - Descrição física
Descrição física 160 p
225 2# - Colecção
Título próprio da colecção Grandes autores portugueses
Indicação de volume 7
300 ## - Notas gerais
Texto da nota Oferta com o Jornal de Notícias para comemoração dos 120 anos do jornal
675 ## - CDU
Notação 821.134.3-311.6
Edição BN
Língua da edição Português
700 #1 - Responsabilidade principal
Koha Internal Code 48870
Palavra de ordem Herculano
Outra parte do nome Alexandre
Datas 1810-1877
090 ## - Números de controlo do sistema (Koha)
Número biblioitem do Koha (gerado automaticamente) 29897
942 ## - Elementos de entrada adicionados (Koha)
Tipo de item no Koha Monografias
Suprimido Disponível no OPAC
999 ## - Campo local
Campo local 29897
Exemplares
Removido (estado) Perdido (estado) Data de aquisição Origem do registo (biblioteca) (codificado) Código da organização que empresta ou é detentora (biblioteca) Código de barras Local Número de inventário Cota Tipo de circulação (não pode ser emprestado) Tipo de item e material
Disponível Disponível 2009-12-15 Biblioteca Municipal Álvaro de Campos Biblioteca Municipal Álvaro de Campos BMTAV48145 Sala de Adultos 48145 R3 HER Normal Monografias